🍉 Top 20 Watermelon producing countries - Statistics

General Stats
  • This quiz has been taken 623 times
  • The average score is 12 of 20
Answer Stats
Answer Tonnes % Correct
United States 1,680,514
97%
China 60,861,241
96%
Brazil 2,278,186
91%
India 2,495,000
91%
Mexico 1,345,705
88%
Spain 1,200,090
76%
Turkey 3,870,515
76%
Italy 650,420
75%
Egypt 1,583,918
70%
Iran 1,930,692
70%
Russia 1,785,277
65%
Morocco 674,833
59%
Algeria 2,206,866
58%
Vietnam 1,227,846
52%
Kazakhstan 1,340,993
34%
Uzbekistan 1,232,460
33%
Saudi Arabia 687,718
31%
Afghanistan 846,990
28%
Tajikistan 701,262
22%
Senegal 1,190,481
7%
No matching quizzes found
Score Distribution
Percent of People with Each Score
Percentile by Number Answered
Your Score History
You have not taken this quiz